| 000 | 00764cam a2200229 4500 | ||
|---|---|---|---|
| 001 | ABS61796 | ||
| 008 | 000000n2000 000 0 eng u | ||
| 035 | _a(Sirsi) u103962 | ||
| 100 | _aBratt, M. | ||
| 245 | _aWhite asbestos bans hits farms | ||
| 260 | _c2000 | ||
| 490 |
_aNFU Magazine _vWinter 2000, 16-17(2) |
||
| 520 | _aConsiders the implications for farmers of the ban on white asbestos which came into effect on 24 November 1999. White asbestos was used on many farms in certain types of cement. | ||
| 590 | _aABS | ||
| 650 | _aMANAGEMENT-HEALTH AND SAFETY-HAZARDOUS SUBSTANCES-ASBESTOS | ||
| 650 | _aWHITE ASBESTOS | ||
| 650 | _aFARMERS | ||
| 650 | _aCEMENT | ||
| 650 | _aASBESTOS CEMENT | ||
| 690 |
_aHEALTH AND SAFETY _96244 |
||
| 942 | _n0 | ||
| 999 |
_c62394 _d62394 |
||